| 000 | 00496nam a2200181Ia 4500 | ||
|---|---|---|---|
| 005 | 20250326142938.0 | ||
| 008 | 250326s9999 xx 000 0 und d | ||
| 037 | _aTextbook | ||
| 040 |
_aFMSL _beng _cFMSL |
||
| 041 |
_aeng _2eng |
||
| 084 |
_aX:74y7 P1 _qFMSL |
||
| 100 |
_aHeller R _9276475 |
||
| 245 | 0 |
_aRoads to Success _cHeller R |
|
| 260 |
_aNew York _bNew York, A Dorling Kindersley Book _c2001 |
||
| 300 | _a864p | ||
| 942 |
_cTB _hX:74y7 P1 |
||
| 999 |
_c1297393 _d1297393 |
||